Ekonomika a management recenzovaný sborník příspěvků mezinárodního workshopu, Brno, 3. června 2011
Gespeichert in:
| Körperschaft: | |
|---|---|
| Weitere Verfasser: | , |
| Format: | Buch |
| Sprache: | Tschechisch Slowakisch |
| Veröffentlicht: |
Brno
Masarykova univerzita - Ekonomicko-správní fakulta
2011
|
| Schlagworte: | |
| Tags: |
Keine Tags, Fügen Sie das erste Tag hinzu!
|
MARC
| LEADER | 00000nlm$a2200000$$$4500 | ||
|---|---|---|---|
| 001 | 0144072 | ||
| 005 | 20230113081447.2 | ||
| 020 | |a 978-80-210-5596-4 | ||
| 041 | 0 | |a cze | |
| 041 | 0 | |a slo | |
| 044 | |a CZ | ||
| 245 | 1 | 0 | |a Ekonomika a management |b recenzovaný sborník příspěvků mezinárodního workshopu, Brno, 3. června 2011 |c Editor sborníku: Michal Kozub |
| 264 | 1 | |a Brno |b Masarykova univerzita - Ekonomicko-správní fakulta |c 2011 | |
| 300 | |a CD-ROM [182 s.] | ||
| 610 | 2 | 0 | |a manažment |
| 610 | 2 | 0 | |a hospodárstvo národné |
| 610 | 2 | 0 | |a vzdelávanie dištančné |
| 610 | 2 | 0 | |a Nový Zéland |
| 610 | 2 | 0 | |a konkurencieschopnosť |
| 610 | 2 | 0 | |a spoločnosti nadnárodné |
| 610 | 2 | 0 | |a Česko |
| 610 | 2 | 0 | |a zamestnanosť |
| 610 | 2 | 0 | |a vzdelanie ekonomické |
| 610 | 2 | 0 | |a výskum |
| 610 | 2 | 0 | |a vyučovanie |
| 610 | 2 | 0 | |a globalizácia |
| 610 | 2 | 0 | |a marketing |
| 610 | 2 | 0 | |a podnikanie |
| 610 | 2 | 0 | |a kultúra |
| 610 | 2 | 0 | |a výkonnosť |
| 610 | 2 | 0 | |a práca tímová |
| 610 | 2 | 0 | |a opcie |
| 610 | 2 | 0 | |a ochrana prostredia životného |
| 610 | 2 | 0 | |a oceňovanie |
| 700 | 1 | |a Kozub, Michal | |
| 700 | 1 | |a Sedláček, Jaroslav | |
| 110 | 2 | |a Ekonomika a management. Mezinárodní workshop | |